Catalogue de la Bibliothèque de l'ENSA

Indices des prix à la consommation (notice nᵒ 17566)

détails MARC
000 -LEADER
fixed length control field 00580nam a2200181Ia 4500
005 - DATE AND TIME OF LATEST TRANSACTION
control field 20200123092122.0
020 ## - ISBN
ISBN 9961-79-200-9
037 ## - SOURCE D'ACQUISITION
Cote BC_1393 60
040 ## - SOURCE DU CATALOGAGE
Origine cataloguage BC-ENSA
Langue du catalogage fre
041 ## - CODE DE LANGUE
Langue Français
110 ## - AUTEUR MORAL
Nom de collectivité Office national des statistiques. Direction technique chargée des statistiques économiques et du suivi de la conjoncture
245 ## - MENTION DU TITRE
Titre Indices des prix à la consommation
260 ## - PUBLICATION, DIFFUSION, ETC. (ADRESSE BIBLIOGRAPHIQUE)
Lieu d'édition Alger
Nom de l'éditeur ONS
Année d'édition 2003
300 ## - DESCRIPTION MATÉRIELLE
Illustration ill.
Nombre de pages 72 p.
Format 30 cm
562 ## - NOTE D'IDENTIFICATION DES EXEMPLAIRES ET VERSIONS
Numbre d' exemplaire 01 exemplaire(s)
942 ## - ADDED ENTRY ELEMENTS (KOHA)
Type document Ouvrage
653 ## - DESCRIPTEUR LIBRE
Mots clés libres PRIX/CONSOMMATION/ALGERIE/EVOLUTION/METHODE STATISTIQUE
Exemplaires
statut de retrait Statut emplacement permanent Localisation actuelle Cote code à barre Koha type d'élément
    Bibliothèque Centrale Bibliothèque Centrale BC_1393 60 BC_1393 60 Ouvrage

Adresse: Ecole Nationale Supérieure Agronomique Hassen Badi - El Harrach Alger, Algérie

Tél +213 (0) 23 82 85 07+213 (0) 23 82 85 12 Fax +213 23 82 85 03/04 Courriel: bibliotheque@edu.ensa.dz